Statistics for Greatest Presidents of the USA

Click here to take the quiz!

General Stats

  • This quiz has been taken 1,061 times
  • The average score is 15 of 20

Answer Stats

Rank President % Correct
2George Washington
97%
1Abraham Lincoln
95%
6John F. Kennedy
92%
3Franklin D. Roosevelt
88%
4Theodore Roosevelt
88%
18George H.W. Bush
86%
7Thomas Jefferson
83%
15Bill Clinton
81%
10Ronald Reagan
81%
19John Quincy Adams
79%
17John Adams
79%
5Harry S. Truman
74%
8Dwight D. Eisenhower
73%
11Lyndon B. Johnson
71%
9Woodrow Wilson
67%
13Andrew Jackson
65%
20James Madison
61%
14James Monroe
60%
12James K. Polk
45%
16William McKinley
44%

Score Distribution

Percentile by Number Answered

Percent of People with Each Score

Your Score History

You have not taken this quiz